000
00288nmm a2200097Ia 4500
008
220120s9999||||xx |||||||||||||||||und||
020
_a
81-203-2170-7
100
_a
Digit , January
_9
11052
245
0
_a
20+ free full games; 200+ minutes of free music, videos, mac
260
_b
New delhi
_c
2010
999
_c
139456
_d
139456